| 000 | 00572nam a22002057a 4500 | ||
|---|---|---|---|
| 003 | OSt | ||
| 005 | 20260401082232.0 | ||
| 008 | 260401b |||||||| |||| 00| 0 eng d | ||
| 020 | _a9789914529302 | ||
| 040 | _cKICD | ||
| 050 | _aPL 8701 .K53 2025 | ||
| 111 | _cPIU LIB | ||
| 245 |
_aMTAALA WA DARAJA YA JUU _bSHULE ZA UPILI G10. kISWAHILI LUGHA _cKICD |
||
| 250 | _a1st Ed | ||
| 260 |
_aNairobi, kenya _bKICD _c2025 |
||
| 300 | _bPIU SHELF | ||
| 505 |
_rKICD _tMTAALA WA DARAJE YA JUU YA SHULE ZA UPILI. G10. LUGHA |
||
| 630 | _aKISWAHII LUGHA | ||
| 942 |
_2ddc _cBK _n0 |
||
| 999 |
_c10010 _d10010 |
||